Действие морской воды на гидравлические растворы в портовых сооружениях: Отчет по заграничной командировке в 1902 г. профессора инженера г.-м. А. Р. Шуляченко и ст. сов. инженера п. с. В. И. Чарномского

Detalhes bibliográficos
Autor principal: Чарномский В. И.
Idioma:russo
Publicado em: Санкт-Петербург, Типо-Литография Шредера, 1904
Colecção:Труды отдела торговых портов
Assuntos:
Formato: Livro
KOHA link:https://koha.lib.tpu.ru/cgi-bin/koha/opac-detail.pl?biblionumber=233559

MARC

LEADER 00000nam0a2200000 4500
001 233559
005 20231031203608.0
035 |a (RuTPU)RU\TPU\book\254637 
090 |a 233559 
100 |a 20130305d1904 m y0rusy50 ca 
101 0 |a rus 
102 |a RU 
105 |a af z 001zy 
200 1 |a Действие морской воды на гидравлические растворы в портовых сооружениях  |e Отчет по заграничной командировке в 1902 г. профессора инженера г.-м. А. Р. Шуляченко и ст. сов. инженера п. с. В. И. Чарномского  |f В. И. Чарномский 
210 |a Санкт-Петербург  |c Типо-Литография Шредера  |d 1904 
215 |a 136 с.  |c черт. 
225 1 |a Труды отдела торговых портов  |h вып. 1 
320 |a Приложения: с. 89-136. 
610 1 |a портовые сооружения 
610 1 |a гидравлические жидкости 
610 1 |a морская вода 
610 1 |a гидравлические цементы 
610 1 |a портланд-цемент 
610 1 |a цементные растворы 
610 1 |a Франция 
675 |a 691.54  |v 3 
675 |a 627.2  |v 3 
700 1 |a Чарномский  |b В. И. 
801 1 |a RU  |b 63413507  |c 20130305 
801 2 |a RU  |b 63413507  |c 20130725  |g RCR 
942 |c BK